[Event "SVK-chT2D 1920"]
[Site "Slovakia"]
[Date "2020.01.26"]
[Round "7.8"]
[White "Marko, Maxim"]
[Black "Remak, Dezider"]
[Result "1/2-1/2"]
[WhiteElo "1567"]
[BlackElo "1693"]
[PlyCount "100"]
[EventDate "2019.10.26"]
[EventType "team-tourn"]
[EventRounds "11"]
[EventCountry "SVK"]
[SourceTitle "CBM 194 Extra"]
[Source "ChessBase"]
[SourceDate "2020.03.31"]
[SourceVersion "1"]
[SourceVersionDate "2020.03.31"]
[SourceQuality "1"]
[WhiteTeam "Kosice Slavia TU IV"]
[BlackTeam "Velke Kapusany"]
[WhiteTeamCountry "SVK"]
[BlackTeamCountry "SVK"]

1. e4 e5 2. Nf3 Nc6 3. Bc4 Bc5 4. d3 h6 5. 0-0 d6 6. Re1 Bg4 7. c3 Nf6 8. Qb3 0-0 9. Qxb7 Na5 10. Qa6 Nxc4 11. Qxc4 Bxf3 12. gxf3 Nh5 13. d4 exd4 14. cxd4 Bb6 15. Nc3 Qf6 16. Nd5 Qxd4 17. Qxd4 Bxd4 18. Nxc7 Rab8 19. Rb1 Rfc8 20. Rd1 Be5 21. Nd5 Rc2 22. Ne3 Rc6 23. Nd5 Kf8 24. f4 Bf6 25. Nxf6 Nxf6 26. e5 dxe5 27. fxe5 Ng4 28. Bf4 Re6 29. Rd5 g5 30. Bg3 h5 31. b3 h4 32. f3 Ne3 33. Rd3 Nc4 34. Bf2 Nxe5 35. Bxa7 Ra8 36. Bc5+ Kg8 37. Re3 Rxa2 38. Bd4 Nc6 39. Rxe6 fxe6 40. Bf6 Ra5 41. Ra1 Rb5 42. Ra6 Rc5 43. Kf2 Kf7 44. Bxg5 h3 45. Be3 Rc3 46. Rb6 Ne5 47. Rb7+ Kg6 48. Re7 Kf5 49. Rh7 Rxb3 50. Rxh3 Nc4 1/2-1/2